Piłka nożna quiz #205 - Kariera klubowa - Kevin De Bruyne - Statystyki

Ogólne statystyki
  • Ten quiz został rozwiązany 317 razy
  • Średni wynik to 4 z 6
Statystyki odpowiedzi
Lata gry Klub % Poprawnych
2015 - obecnie Manchester City
99%
2014 - 2015 VfL Wolfsburg
79%
2012 - 2014 Chelsea
71%
2008 - 2012 KRC Genk
57%
2012 KRC Genk
57%
2012 - 2013 Werder Brema
29%
Nie znaleziono quizów pasujących do podanych kryteriów
Rozkład punktacji
Procent ludzi z każdym wynikiem
Percentyl według liczby udzielonych odpowiedzi
Twoja historia wyników
Nie rozwiązałeś tego quizu